Chicago 'L' Subway - Brown Line - Statistics

General Stats
  • This quiz has been taken 53 times
  • The average score is 18 of 26
Answer Stats
Answer % Correct
Clark/Lake
86%
State/Lake
86%
Diversey
81%
Fullerton
81%
Kimball
81%
Merchandise Mart
81%
Sedgwick
81%
Western
81%
Addison
76%
Belmont
76%
Quincy
76%
Damen
71%
Irving Park
71%
Armitage
67%
Francisco
67%
Harold Washington Library-State/Van Buren
67%
Kedzie
67%
Montrose
67%
Paulina
67%
Southport
67%
Adams/Wabash
62%
Wellington
62%
LaSalle/Van Buren
57%
Washington/Wells
48%
Rockwell
33%
Washington/Wabash
33%
No matching quizzes found
Score Distribution
Percent of People with Each Score
Percentile by Number Answered
Your Score History
You have not taken this quiz